000 00868nmm a2200277 a 4500
001 ocm0001520820
003 TR-IsHL
005 20201028162703.0
008 170122s2016 tu eng
007 cr cn
020 _a9786059654722
035 _a1520820
_b(N$T)
050 0 4 _aPL248.A73
_bC6 2016
090 0 4 _aPL248.A73
_bC6 2016
100 1 _aAras, Hakan
245 1 0 _aCode name: grey class
_h[electronic resource] /
_cHakan Aras ; editor Murat Ukray
260 _aİstanbul :
_bE-Kitap Projesi,
_c2016
300 _a30 p.
650 4 _aDil ve Edebiyat
650 4 _aLanguage and Literature
650 0 _aTürk romanı
650 0 _aTurkish fiction
650 7 _aLITERARY COLLECTIONS / Middle Eastern
_2bisacsh
700 1 _aUkray, Murat
856 4 0 _uhttp://search.ebscohost.com/login.aspx?direct=true&scope=site&db=e011xww&AN=1520820
999 _c14912
_d14912